000 00643nam a2200217Ia 4500
001 dia_6710
003 CHAP
005 20251029170125.0
008 220117s1970 xx 000 0 und d
010 _a178029
040 _cCHAP
_amxchpua
090 _aF 115 1970
100 _aRamírez Lozano, Miguel
_994104
245 _aEl cultivo de la alfalfa en la regíon central /
_c Miguel Ramírez Lozano
260 _aMéxico :
_b SAG. Departamento de Extensión Agrícola,
_c1970
300 _a20 p.
901 _aF 115 1970
902 _aM
905 _a0000001970 MX 0000000000SPA00
942 _cFOLL
_2local
999 _c178029
_d178029